Finish the Children's Game Quiz Stats

Quiz Updated Feb 1, 2015

Also try: Games by Cupcake
Challenge
Share
Tweet
Embed
Score 0/30 Timer 02:00
2 Plays Today
% Correct
Seek
96%
Toe
95.9%
Scissors
95.9%
Boo
95.6%
Robbers
95.5%
Donkey
95.4%
Polo
95.1%
Says
95%
Chairs
94.7%
Leader
94.2%
Goose
93.5%
Potato
92.6%
Cake
91.7%
Spy
91.1%
Sticks
90.2%
% Correct
Flag
89.7%
Cradle
87.8%
Bluff
87.6%
I
87.2%
Minnows
87.1%
Dutch
87%
Can
86.7%
War
86.4%
Away
85.7%
Rover
85.3%
Tag
85%
Square
84.8%
Bulldog
78.8%
Mack
78.7%
Egg
74.9%

You're not logged in!

Compare scores with friends on all Sporcle quizzes.
Join for Free
OR
Log In

You Might Also Like...

Show Comments

Extras

Top Quizzes Today


Score Distribution

Your Account Isn't Verified!

In order to create a playlist on Sporcle, you need to verify the email address you used during registration. Go to your Sporcle Settings to finish the process.

Report this User

Report this user for behavior that violates our Community Guidelines.

Details: